| 000 | 00617nam a22001457a 4500 | ||
|---|---|---|---|
| 020 | _a81-304-0067-7 | ||
| 082 |
_a823 _bSAM/T |
||
| 100 | _aSAM.D.S | ||
| 245 | _aTALES OF SHEIKHCHILLI | ||
| 260 |
_aDELHI _bTINY TOT PUBLICATIONS _c2007 |
||
| 300 | _a160 | ||
| 520 | _aOnce upon a time, there lived a man named Sheikh Chilli. He was a simpleton but was very famous among all his friends. One day, the zamindar, who was well-known for his dishonesty, asked Sheikh Chilli to count the total number of houses in the village and promised to pay fifty paise for each house he counted. | ||
| 650 | _aSHORT STORY | ||
| 942 | _cBK | ||
| 999 |
_c6624 _d6624 |
||